<?xml version="1.0" encoding="UTF-8"?>
<record
    xmlns:xsi="http://www.w3.org/2001/XMLSchema-instance"
    xsi:schemaLocation="http://www.loc.gov/MARC21/slim http://www.loc.gov/standards/marcxml/schema/MARC21slim.xsd"
    xmlns="http://www.loc.gov/MARC21/slim">

  <leader>01269nam a22002537a 4500</leader>
  <controlfield tag="005">20110825114148.0</controlfield>
  <datafield tag="010" ind1=" " ind2=" ">
    <subfield code="a">G-001049</subfield>
  </datafield>
  <datafield tag="020" ind1=" " ind2=" ">
    <subfield code="c">30.00</subfield>
    <subfield code="a"> </subfield>
  </datafield>
  <datafield tag="035" ind1=" " ind2=" ">
    <subfield code="a">G-1049</subfield>
  </datafield>
  <datafield tag="037" ind1=" " ind2=" ">
    <subfield code="b">&#x938;&#x94D;&#x935;&#x93E;&#x924;&#x93F; &#x92A;&#x92C;&#x94D;&#x932;&#x93F;&#x915;&#x947;&#x936;&#x928;&#x94D;&#x938;</subfield>
  </datafield>
  <datafield tag="082" ind1=" " ind2=" ">
    <subfield code="a">821</subfield>
  </datafield>
  <datafield tag="100" ind1=" " ind2=" ">
    <subfield code="a">&#x915;&#x941;&#x932;&#x936;&#x94D;&#x930;&#x947;&#x937;&#x94D;&#x920;, &#x91A;&#x93F;&#x928;&#x94D;&#x92E;&#x92F;                                                                                                                                  </subfield>
    <subfield code="9">35058</subfield>
  </datafield>
  <datafield tag="245" ind1=" " ind2=" ">
    <subfield code="a">&#x91A;&#x93F;&#x921;&#x93C;&#x93F;&#x92F;&#x93E; &#x928;&#x947; &#x916;&#x94B;&#x932;&#x93E; &#x938;&#x94D;&#x915;&#x942;&#x932; /</subfield>
    <subfield code="c">&#x91A;&#x93F;&#x928;&#x94D;&#x92E;&#x92F; &#x915;&#x941;&#x932;&#x936;&#x94D;&#x930;&#x947;&#x937;&#x94D;&#x920;</subfield>
  </datafield>
  <datafield tag="246" ind1=" " ind2=" ">
    <subfield code="a"> </subfield>
    <subfield code="b"> </subfield>
  </datafield>
  <datafield tag="260" ind1=" " ind2=" ">
    <subfield code="a">&#x909;&#x926;&#x92F;&#x92A;&#x941;&#x930;</subfield>
    <subfield code="b">&#x938;&#x94D;&#x935;&#x93E;&#x924;&#x93F; &#x92A;&#x92C;&#x94D;&#x932;&#x93F;&#x915;&#x947;&#x936;&#x928;&#x94D;&#x938;</subfield>
    <subfield code="c">2008</subfield>
  </datafield>
  <datafield tag="270" ind1=" " ind2=" ">
    <subfield code="a">&#x92A;&#x93E;&#x938;&#x935;&#x93E;&#x928; &#x938;&#x94D;&#x91F;&#x94D;&#x930;&#x940;&#x91F;, &#x930;&#x93E;&#x935;&#x91C;&#x940; &#x915;&#x93E; &#x939;&#x93E;&#x91F;&#x93E;</subfield>
    <subfield code="b">&#x909;&#x926;&#x92F;&#x92A;&#x941;&#x930;</subfield>
    <subfield code="e"> 313001</subfield>
    <subfield code="k"> </subfield>
  </datafield>
  <datafield tag="300" ind1=" " ind2=" ">
    <subfield code="a">32&#x92A;&#x943;.</subfield>
    <subfield code="c">21 &#x938;&#x947;&#x92E;&#x940;(&#x905;&#x91C;&#x93F;&#x932;&#x94D;&#x926;)</subfield>
    <subfield code="b">&#x938;&#x91A;&#x93F;&#x924;&#x94D;&#x930;</subfield>
  </datafield>
  <datafield tag="650" ind1=" " ind2=" ">
    <subfield code="a"> </subfield>
    <subfield code="9">35059</subfield>
  </datafield>
  <datafield tag="700" ind1=" " ind2=" ">
    <subfield code="9">25138</subfield>
    <subfield code="a"> </subfield>
  </datafield>
  <datafield tag="700" ind1=" " ind2=" ">
    <subfield code="9">25157</subfield>
  </datafield>
  <datafield tag="942" ind1=" " ind2=" ">
    <subfield code="a">dpl</subfield>
    <subfield code="c">CH</subfield>
    <subfield code="2">ddc</subfield>
    <subfield code="m">&#x915;&#x941;&#x932;&#x936;&#x94D;&#x930;&#x947;</subfield>
    <subfield code="h">821</subfield>
  </datafield>
  <datafield tag="999" ind1=" " ind2=" ">
    <subfield code="c">55962</subfield>
    <subfield code="d">55962</subfield>
  </datafield>
  <datafield tag="952" ind1=" " ind2=" ">
    <subfield code="0">0</subfield>
    <subfield code="1">0</subfield>
    <subfield code="4">0</subfield>
    <subfield code="7">0</subfield>
    <subfield code="8">NFIC</subfield>
    <subfield code="a">KV</subfield>
    <subfield code="b">KV</subfield>
    <subfield code="d">2011-08-25</subfield>
    <subfield code="g">30.00</subfield>
    <subfield code="l">0</subfield>
    <subfield code="o">821 &#x915;&#x941;&#x932;&#x936;&#x94D;&#x930;&#x947;</subfield>
    <subfield code="p">G-001049</subfield>
    <subfield code="r">2011-08-25 00:00:00</subfield>
    <subfield code="t">1</subfield>
    <subfield code="v">30.00</subfield>
    <subfield code="y">CH</subfield>
  </datafield>
</record>
